Normal view
MARC view
Entry Personal Name
001 - CONTROL NUMBER
- control field: 13862
003 - CONTROL NUMBER IDENTIFIER
- control field: OSt
005 - DATE AND TIME OF LATEST TRANSACTION
- control field: 20211015101539.0
008 - FIXED-LENGTH DATA ELEMENTS
- fixed length control field: 211015|| aca||aabn | a|a d
040 ## - CATALOGING SOURCE
- Original cataloging agency: OSt
- Transcribing agency: OSt
100 ## - HEADING--PERSONAL NAME
- Personal name: mesfin wolde maris
670 ## - SOURCE DATA FOUND
- Source citation: Work cat.: (OSt)12937: mesfin wolde maris, suffering under god,s environment:a vertical study of the preicament of peasants in north central ethiopia